000 02900nkm0a2200445 4500
001 RU\NLR\bibl\2084921
005 20250806203905.0
020 _aRU
_9ЛЕНИНГРАД В ВЕЛИКОЙ ОТЕЧЕСТВЕННОЙ ВОЙНЕ: Печать Ленинграда, 1941 - 1945: каталог изданий, хранящихся в фондах Государственной Публичной библиотеки, вып.2. Листовки,плакаты,открытки,альбомы/Гос.публ.б-ка им.М.Е.Салтыкова-Щедрина. - Ленинград,1972
_b323
035 _a(NLR Aleph) 010196594
090 _a76577
_c76577
100 _a20131101d1943 u y0rusy50 ca
101 0 _arus
102 _aRU
105 _ay z |||||
135 _acrcn 024apada
200 1 _aСлавный подвиг маленького гарнизона
_fПолит. упр. Краснознам. Балт. флота
210 _a[Ленинград]
_d1943
215 _a4 с.
_d19х12
325 _aКопия доступна в Электрон. б-ке РНБ http://vivaldi.nlr.ru/ll000074600/view
327 1 _aО героических действиях гарнизона под командованием лейт. Артемьева, не пропустившего врага к охраняемому им военному объекту
337 _aЭлектронная копия доступна в Электронной библиотеке РНБ
540 1 _aО героических действиях гарнизона под командованием лейт. Артемьева, не пропустившего врага к охраняемому им военному объекту
606 1 _aБлокада Ленинграда
_z1941 - 1944
_jЛистовки
_2nlr_sh1
_2nlr_sh2
_3RU\NLR\AUTH\661253360
686 _aТ3(2)722.721,011
686 _aЦ35(2)722.11(2Р-4Ле-2Ленинград),011
702 1 _aАртемьев
_cлейтенант
_4570
712 0 2 _aБалтийский флот
_bПолитическое управление
_3RU\NLR\AUTH\8810005574
_4570
801 0 _aRU
_bNLR
_c19720101
_gPSBO
801 1 _aRU
_bNLR
_c20131101
_gRCR
852 _aNLR
_bЛ3-330л
_j4/2-13
856 0 _uhttp://vivaldi.nlr.ru/ll000074600/view
856 1 _uhttp://vivaldi.nlr.ru/ll000074600/cover
856 2 _uhttp://vivaldi.nlr.ru/ll000074600/text
942 _cVISUAL
945 _aРоссийская национальная библиотека
980 _aBV
981 3 7 _a(37) Ленинград в Великой Отечественной войне
_b(37) Листовки блокадного Ленинграда
981 2 1 _a(21) Листовки
_b(21) Листовки блокадного Ленинграда